Normal view
MARC view
Entry Topical Term
001 - CONTROL NUMBER
- control field: 10195
003 - CONTROL NUMBER IDENTIFIER
- control field:
005 - DATE AND TIME OF LATEST TRANSACTION
- control field: 20201026140705.0
008 - FIXED-LENGTH DATA ELEMENTS
- fixed length control field: 201026|| aca||aabn | a|a d
040 ## - CATALOGING SOURCE
- Original cataloging agency:
- Transcribing agency:
150 ## - HEADING--TOPICAL TERM
- Topical term or geographic name entry element: Jonathan, Goodluck Ebele 1957-
670 ## - SOURCE DATA FOUND
- Source citation: Work cat.: ()3255: JONATHAN, Ebele Gooluck aut. 9031, My transition hours/, 2018.
